000 00339nam a22001217a 4500
003 SGT
082 _a200
_bH98T
100 _aतिवारी, भोलानाथ
245 _aमुहावरा लोकोक्ति कोश
260 _b प्रभात प्रकाशन
_c1998
300 _a591
942 _2ddc
_cBK
999 _c31733
_d31733